000
00194 a2200097 4500
001
6633
100
_a
Craig, W
245
_a
Fall of Japan, the
260
_a
_b
Nicolson
_c
090
_c
5486
_d
5486
942
_a
NUST-CAE
_c
M
_c
31918
999
_c
241706
_d
241706